10-to-1 Young Adult Characters Quiz Stats

 Plays Quiz Updated Mar 16, 2015

Challenge
Share
Tweet
Embed
Score 0/55 Timer 10:00
22 Plays Today
% Correct
Hermione Granger
96.3%
Draco Malfoy
95.6%
Ron Weasley
95%
Severus Snape
93.5%
Neville Longbottom
92.6%
Katniss Everdeen
90.3%
Rubeus Hagrid
89.7%
Minerva McGonagall
89.3%
Tom Riddle
88.7%
Bella Swan
87.1%
Edward Cullen
87%
Petunia Dursley
86%
Peeta Mellark
83.4%
Nymphadora Tonks
81.9%
Haymitch Abernathy
80.1%
Jacob Black
78.3%
Effie Trinket
77.2%
Gale Hawthorne
77.1%
Finnick Odair
75.4%
Coriolanus Snow
71.4%
Rue
71.1%
Johanna Mason
61.3%
Tris Prior
60.8%
Four
60%
Annabeth Chase
54.3%
Rosalie Hale
53.6%
Grover Underwood
48.8%
Seth Clearwater
48.5%
% Correct
Chiron
46.8%
Marcus Eaton
46.2%
Jeanine Matthews
45.1%
Luke Castellan
43.4%
Lyra Belacqua
40.1%
Sam Uley
39.7%
Nico di Angelo
38.8%
Aro
38.6%
Clary Fray
38.5%
Brom
37.8%
Uriah Pedrad
37.5%
Tori Wu
35.3%
Iorek Byrnison
33.9%
Eric Coulter
30.4%
Magnus Bane
29.2%
Pantalaimon
29.2%
Saphira
28.7%
Minho
28.2%
Serafina Pekkala
28.2%
Marisa Coulter
26.9%
Domovoi Butler
26.5%
Holly Short
25.8%
Roran
25.5%
Paul Lahote
23%
Mulch Diggums
21.7%
Opal Koboi
21.1%
Will Parry
19.3%

You're not logged in!

Compare scores with friends on all Sporcle quizzes.
Join for Free
OR
Log In

You Might Also Like...

Show Comments

Extras

Top Quizzes Today


Score Distribution

Your Account Isn't Verified!

In order to create a playlist on Sporcle, you need to verify the email address you used during registration. Go to your Sporcle Settings to finish the process.

Report this User

Report this user for behavior that violates our Community Guidelines.

Details: